000 00706nam a2200181Ia 4500
008 151202s9999||||xx |||||||||||||| ||und||
082 _bPNVM-55249
100 _aतेंडूलकर प्रिया.
245 _aजन्मलेल्या प्रत्येकाला.
260 _b"डिंपल पब्लिकेशन,ठाणे."
260 _c1991
300 _a172
600 _aतेंडूलकर प्रिया.
630 _aजन्मलेल्या प्रत्येकाला.
700 _aतेंडूलकर प्रिया.
730 _aजन्मलेल्या प्रत्येकाला.
942 _cBOOK
999 _c1321787
_d1321784